State currencies and the transition to the U.S Dollar (Registro nro. 27992)
[ vista simple ]
| 000 -LEADER | |
|---|---|
| fixed length control field | 00384 a2200121 4500 |
| 001 - CONTROL NUMBER | |
| control field | ART_17977 |
| 005 - DATE AND TIME OF LATEST TRANSACTION | |
| control field | 20260410161924.0 |
| 008 - FIXED-LENGTH DATA ELEMENTS--GENERAL INFORMATION | |
| fixed length control field | 260409a |
| 100 1# - MAIN ENTRY--PERSONAL NAME | |
| Personal name | Michener, Ronald W. |
| 245 10 - TITLE STATEMENT | |
| Title | State currencies and the transition to the U.S Dollar |
| 700 1# - ADDED ENTRY--PERSONAL NAME | |
| Personal name | Wright, Robert E. |
| 773 0# - HOST ITEM ENTRY | |
| Title | The American Economic Review |
| Related parts | - Vol. 95, Nº 3 (jun. 2005) |
| Record control number | REV16190 |
No hay ítems disponibles.